Digestió anaeròbia de residus agraris i agroalimentaris /
ISBN:
84-500-9774-6
Descripción Física:
2 volums ; 30 cm
Colección:
Estudis i monografies (Barcelona (Catalunya : Província). Diputació)
; 3-4
Materias:
Residus agrícoles -- Reciclatge
Idioma:
Catalán
MARC
| LEADER | 00000nam a2200000Ia 4500 | ||
|---|---|---|---|
| 001 | 2039, 2040 | ||
| 003 | Arxiu | ||
| 005 | 20260324175559.0 | ||
| 008 | 160829m19831984spc xxs cat c | ||
| 020 | |a 84-500-9774-6 | ||
| 040 | |a AGDB | ||
| 080 | |a FU-20-2 | ||
| 080 | |a C-1-545 | ||
| 100 | |a Rieradevall, Joan |9 48961 | ||
| 245 | 1 | 0 | |a Digestió anaeròbia de residus agraris i agroalimentaris / |c Joan Rieradevall i Pons |
| 260 | |a Barcelona : |b Diputació de Barcelona. Servei d'Agricultura i Ramaderia, |c 1983-1984 | ||
| 300 | |a 2 volums ; |c 30 cm | ||
| 490 | 1 | |a Estudis i Monografies ; |v 3-4 | |
| 590 | |a Conté: v. 1 : Catàleg d'empreses, v. 2 : Instal·lacions | ||
| 650 | |a Residus agrícoles |x Reciclatge |9 34015 | ||
| 710 | 1 | |a Barcelona (Catalunya : Província). |b Servei d'Agricultura i Ramaderia |9 54365 | |
| 830 | 0 | |a Estudis i monografies (Barcelona (Catalunya : Província). Diputació) |v 3-4 |9 55978 | |
| 901 | |a Arxiu | ||
| 942 | |n 1 |2 udc |c ARXIU | ||
| 952 | |0 0 |1 0 |4 0 |6 FU202_C1545 |7 1 |9 46344 |a Arxiu |b Arxiu |d 2016-12-01 |l 0 |o FU-20-2, C-1-545 |p 2039, 2040 |r 2016-12-01 00:00:00 |w 2016-12-01 |y ARXIU | ||
| 999 | |c 50129 |d 50129 | ||